00625nam a22001217a 4500003000200000005001700002008004100019040002000060100003900080245031000119260006400429300001000493020160609172254.0130813t xxu||||| |||| 00| 0 eng d aBUACbFrcBEPAC aADJAHOSSOU, Sessi Gilles Christian aEtude phytoécologique des savanes soudano-sahéliennes et caractéristiques dendrométriques de afzelia africana smith ex pers., daniellia oliveri (rolfe) hutch. & dalz. Et anogeissus leiocarpa (DC.) guill. & perr. :cas de la RBT-W (Bénin), commune de Karimama. cADJAHOSSOU, Sessi Gilles Christian aAbomey-Calavi bEcole Polytechnique d’Abomey-Calavic2007 a52 p.